| 000 | 00452nam a22001697a 4500 | ||
|---|---|---|---|
| 999 |
_c532867 _d532867 |
||
| 003 | NUST | ||
| 005 | 20191204112616.0 | ||
| 008 | 191204b ||||| |||| 00| 0 eng d | ||
| 038 | _aMSOHAIL | ||
| 082 |
_a624.1834 _bACI |
||
| 100 |
_aACI _926478 |
||
| 245 | _aThe Reinforced Concrete Design Handbook (A companion to ACI318-14) : Mmber Design SP-17(14) - Vol -2 | ||
| 250 | _aV-2 | ||
| 260 |
_aUSA _bACI _c2015 |
||
| 300 | _a400,p; | ||
| 942 |
_2ddc _cBK |
||